[Event "Dhaka Marcel 1st Division"]
[Site "Dhaka"]
[Date "2019.11.14"]
[Round "3.3"]
[White "Shivshankar, Iyer S"]
[Black "Gias Uddin, Ahmed"]
[Result "0-1"]
[WhiteElo "1573"]
[BlackElo "1900"]
[PlyCount "84"]
[EventDate "2019.11.12"]
[EventType "team-tourn"]
[EventRounds "9"]
[EventCountry "BAN"]
[SourceTitle "CBM 193 Extra"]
[Source "ChessBase"]
[SourceDate "2020.01.31"]
[SourceVersion "1"]
[SourceVersionDate "2020.01.31"]
[SourceQuality "1"]
[WhiteTeam "Kasparov CC"]
[BlackTeam "Khelaghar Daba Sangah"]
[WhiteTeamCountry "BAN"]
[BlackTeamCountry "BAN"]

1. d4 Nf6 2. Nf3 d6 3. g3 g6 4. c4 Bg7 5. Nc3 0-0 6. Bg2 c5 7. d5 e5 8. e4 Ne8 9. 0-0 f5 10. Bg5 Nf6 11. Qd2 Qb6 12. Nh4 f4 13. gxf4 exf4 14. Bxf4 Nh5 15. Be3 Bf6 16. Nf3 Na6 17. e5 dxe5 18. Ne4 Bh8 19. Ne1 Nf4 20. Bxf4 exf4 21. d6 Bd4 22. Nf3 Be6 23. Nxd4 cxd4 24. c5 Qb4 25. Qxb4 Nxb4 26. Ng5 Bd7 27. Bxb7 Rab8 28. Be4 Nc6 29. Bd5+ Kh8 30. Nf7+ Kg7 31. Bxc6 Bxc6 32. Ne5 Bd5 33. Rfe1 Rxb2 34. c6 Rf5 35. Reb1 Rg5+ 36. Kf1 Bg2+ 37. Ke1 Rxe5+ 38. Kd1 Bf3+ 39. Kc1 Rxf2 40. Rb7+ Kh6 41. Re7 Rc5+ 42. Kb1 Bg4 0-1

[Event "Kalyan op 2nd"]
[Site "Kalyan"]
[Date "2019.01.31"]
[Round "4"]
[White "Satkar, Chirag"]
[Black "Shivshankar, Iyer S"]
[Result "1-0"]
[WhiteElo "2071"]
[BlackElo "1619"]
[PlyCount "83"]
[EventDate "2019.01.29"]
[EventType "swiss"]
[EventRounds "10"]
[EventCountry "IND"]
[SourceTitle "CBM 188 Extra"]
[Source "ChessBase"]
[SourceDate "2019.02.28"]
[SourceVersion "1"]
[SourceVersionDate "2019.02.28"]
[SourceQuality "1"]

1. d4 d5 2. c4 e6 3. Nc3 Nf6 4. cxd5 exd5 5. Bg5 Be7 6. e3 0-0 7. Qc2 b6 8. Bd3 h6 9. Bh4 c5 10. Nge2 Nc6 11. a3 c4 12. Bf5 a6 13. Bxc8 Rxc8 14. Qf5 Qd7 15. Qf3 Rfd8 16. 0-0 g5 17. Bg3 Qe6 18. h3 h5 19. Be5 Nxe5 20. dxe5 Qxe5 21. Rfd1 Bd6 22. Ng3 h4 23. Nf5 Bf8 24. Rac1 b5 25. Rc2 Ne4 26. Qg4 f6 27. f4 Qe8 28. fxg5 Qg6 29. Nxd5 Re8 30. Nxh4 Qxg5 31. Nxf6+ Kf7 32. Qxg5 Nxg5 33. Nxe8 Rxe8 34. Rd7+ Ke6 35. Ra7 Bc5 36. Rxa6+ Kd5 37. Nf5 Re5 38. g4 Bxe3+ 39. Kg2 Ne6 40. Rd6+ Kc5 41. Rxe6 Rxe6 42. Re2 1-0